1105 1489 1239 1121 1912 1245 1285 1979 1377 1445 1197 1261 1474 1456 1919 1943 1172 1336 1248 1986 1355 1943 1109 1322 1576 1628 1688 1600 1126 1673 1228 1067 1046 1814 1861 1454 1029 1857 1318 1625 1947 1668 1141 1796 1324 1311 1084 1954 1783 1425 1566 1860 1276 1734 1896 1489 1611 1476 1424 1019 1740 1300 1710 1954 1019 1136 1258 1180 1712 1128 1271 1449 1773 1635 1195 1945 1986 1759 1498 1188 1091 1103 1320 1883 1197 1640 1628 1351 1013 1597 1640 1144 1787 1321 1616 1803 1834 1056 1190 BCNSPRNW ULIB Ver.6.0+V

เปลี่ยนเป็นภาษาไทย

Change to English
 แสดงรายละเอียดบรรณานุกรม
  กลับหน้าหลัก

Brief Record : Get Marc (ISO 2709) : E-mail record : QR code < ปิดหน้าต่าง
LEADER : 00000nam 2200000uu 4500
001    13399110067
003     ULIB
008    110420s2551||||th 000 0 tha d
020    9789746723121
060 04 WH100^bพ887ภ 2551
100 0  เพ็ญนภา คลังสินศิริกุล
245 00 ภูมิคุ้มกันโลหิตวิทยาและธนาคารเลือด /^cบรรณาธิการ,เพ็ญนภา คลังสินศิริกุล
250    พิมพ์ครั้งที่ 1
260    เชียงใหม่ :^bคณะเทคนิคการแพทย์ มหวิทยาลัยเชียงใหม่,^c2551
300    1 เล่ม (เลขหน้าไม่เรียงลำดับ) :^bภาพประกอบ ;^c27 ซม.
650  7 ธนาคารเลือด
650  7 เลือด
650  7 เลือด^xการเก็บรักษา
650  7 ภูมิคุ้มกัน
710 2  มหาวิทยาลัยเชียงใหม่. ^bคณะเทคนิคการแพทย์.
945    ^p220^l0^i025053
945    ^p220^l0^i025052
945    ^p220^l0^i025051
945    ^p220^l0^i025054
995    ทศพร
999 ^a ใช้งานได้ทุกระบบ
รายการนี้ยังไม่มีแท็ก
คุณยังไม่ได้ล็อกอิน คุณสามารถมีกิจกรรมร่วมกับเว็บไซต์ได้ แต่ต้องล็อกอินก่อน ::
  ล็อกอิน

รายการสื่อสารสนเทศ

ลำดับที่ ประเภท เลขเรียก/บาร์โค้ด สถานที่ สถานะ
- ไม่พบข้อมูล -

รายการใกล้เคียง
    ผู้แต่ง [เพ็ญนภา คลังสินศิริกุล]

    หัวเรื่อง [ธนาคารเลือด]
    หัวเรื่อง [เลือด]
    หัวเรื่อง [ภูมิคุ้มกัน]

BibComment


ยังไม่เคยถูกคอมเมนท์

คอมเมนท์ทรัพยากรรายการนี้
  คอมเมนท์: ภูมิคุ้มกันโลหิตว..


 Copyright 2026. Bcnsprnw @Library